Loading...

The gardens of Mughul India /

Bibliografiske detaljer
Andre forfattere: Crowe, Sylvia
Format: Printed Book
Sprog:English
Udgivet: London: Thames and Hudson, c1972.
Fag:
LEADER 00556 a2200169 4500
008 150103s9999 000 0 eng
020 |a 0500010781 
082 0 0 |a 712.60954  
245 0 4 |a The gardens of Mughul India / 
260 |a London:  |b Thames and Hudson,  |c c1972. 
300 |a 200 p. 
650 0 |a Gardens, Mogul. 
650 0 |a Gardens-India 
700 1 |a Crowe, Sylvia. 
942 |c BK 
999 |c 302862  |d 302862 
952 |0 0  |1 0  |2 ddc  |4 0  |6 712_609540000000000_CRO_GA  |7 0  |9 346397  |a DRA  |b DRA  |c ST1  |d 2010-12-03  |i 1125  |l 0  |o 712.60954 CRO/GA  |p DRA1125  |r 2010-12-03  |w 2010-12-03  |y BK